| 000 | 01134nam a22003377a 4500 | ||
|---|---|---|---|
| 003 | CHAP | ||
| 005 | 20220329133224.0 | ||
| 008 | 971013s1991 r 00010 d | ||
| 010 | _a3566 | ||
| 011 | _a4538 | ||
| 035 | _a3742 | ||
| 040 | _cCHAP | ||
| 082 |
_a631.4 _bL4 1991 |
||
| 100 | 0 | 0 |
_aLeón Arteta, Régulo. _966089 |
| 245 |
_aNueva edafología _b: regiones tropicales y áreas templadas de México |
||
| 250 | _a2 ed. corr. y aum. | ||
| 260 |
_aMéxico, D. F. : _bFontamara, _c1991 |
||
| 300 |
_a366 p. _b; ilus. ; gráfs |
||
| 500 | _aD50-136 | ||
| 590 |
_aBATCH-UPD _b10 _c20130110 _lUCH01 _h1835 |
||
| 590 |
_aBATCH-UPD _b10 _c20130410 _lUCH01 _h1206 |
||
| 590 |
_aBATCH-UPD _b10 _c20130914 _lUCH01 _h1722 |
||
| 590 |
_aCONVERSION _b10 _c20130109 _lUCH01 _h1303 |
||
| 650 | 1 | 4 |
_aSuelos tropicales. _9110563 |
| 650 | 1 | 4 |
_aSuelos _xMéxico. _9110441 |
| 901 | _aBK | ||
| 942 | _cLIBRO | ||
| 949 |
_a631.4 L4 1991 _bBC _cLIBRO _d-13267 _eLIBRO _h79763 _i3742 _mD _si |
||
| 949 |
_a631.4 L4 1991 _bBC _cLIBRO _d33724000061172 _eLIBRO _fc.2 _h82099 _i3742 _so |
||
| 949 |
_a631.4 L4 1991 _bBC _cLIBRO _d33724000557567 _eLIBRO _fc.3 _h82100 _i3742 _si |
||
| 999 |
_c3566 _d3566 |
||